000
00284nam a2200121Ia 4500
008
190216s9999||||xx |||||||||||||| ||und||
100
_a
Richard Brinsley Sheridan
245
4
_a
The Rivals
260
_b
Orient Longman
_c
1967
300
_a
144p
650
_a
English Drama
942
_c
BK
999
_c
12066
_d
12066